Pueblos hambrientos y tierras despobladas / (Record no. 50986)

MARC details
000 -LEADER
campo de control de longitud fija 00636nam a2200181 i 4500
001 - NÚMERO DE CONTROL
campo de control 50986
003 - IDENTIFICADOR DE NÚMERO DE CONTROL
campo de control ES-MaACL
005 - FECHA Y HORA DE LA ÚLTIMA TRANSACCIÓN
campo de control 20230906162255.0
007 - CAMPO FIJO DE DESCRIPCIÓN FÍSICA--INFORMACIÓN GENERAL
campo de control de longitud fija t|
008 - DATOS DE LONGITUD FIJA--INFORMACIÓN GENERAL
campo de control de longitud fija 030807s1957 sp ||||1| spa d
100 1# - ENTRADA PRINCIPAL--NOMBRE DE PERSONA
Nombre de persona Chandrasekhar, S.
9 (RLIN) 37957
245 10 - MENCIÓN DEL TÍTULO
Título Pueblos hambrientos y tierras despobladas /
Mención de responsabilidad, etc. S. Chandrasekhar ; prólogo de William Vogt ; traducción del inglés por José Miguel de Bueren.
260 ## - PUBLICACIÓN, DISTRIBUCIÓN, ETC.
Lugar de publicación, distribución, etc. Madrid :
Nombre del editor, distribuidor, etc. Aguilar,
Fecha de publicación, distribución, etc. 1957 (
Fabricante Justo López Galán)
300 ## - DESCRIPCIÓN FÍSICA
Extensión XV, 286 p. :
Otras características físicas il. ;
Dimensiones 21 cm.
700 1# - ENTRADA AGREGADA--NOMBRE PERSONAL
Nombre de persona Vogt, William.
9 (RLIN) 115668
700 1# - ENTRADA AGREGADA--NOMBRE PERSONAL
Nombre de persona Bueren, José Miguel de.
9 (RLIN) 32414
852 ## - LOCALIZACIÓN
Ubicación ES-MaACL
Número de control de estantería C-11838
Sublocalización o colección R.40023
Holdings
Estatus retirado Estado de pérdida Estado de daño No para préstamo Biblioteca de origen Biblioteca actual Ubicación en estantería Fecha de adquisición Fuente de adquisición Total de préstamos Signatura topográfica completa Código de barras Visto por última vez Precio de reemplazo Tipo de ítem Koha
        Biblioteca del Ateneo de Madrid Biblioteca del Ateneo de Madrid Sala Palomar 17/01/2008     C-11838 1053617 23/02/2023 23/02/2023 Libro impreso